| 000 | 01390nam a2200361 i 4500 | ||
|---|---|---|---|
| 003 | CO-BoRNBP | ||
| 005 | 20250604153525.0 | ||
| 007 | ta | ||
| 008 | 221115r20112017ck a jr 000 jdspa d | ||
| 020 | _a9789583005725 | ||
| 040 |
_aCO-BoRNBP _bspa _erda _cCO-BoRNBP |
||
| 041 | 0 | _aspa | |
| 043 | _as-ck--- | ||
| 084 | _aC CUE28 | ||
| 245 | 0 | 0 |
_aCuentos costumbristas colombianos _cselección y notas Carlos Nicolás Hernández y Clara Mejía ; ilustrado por Eric Nieto Torres |
| 250 |
_aPrimera edición. _bSexta reimpresión |
||
| 264 | 1 |
_aBogotá, Colombia _bPanamericana Editorial _c2011 _c2017 |
|
| 300 |
_a254 páginas _bilustraciones en blanco y negro _c21 cm |
||
| 336 |
_atexto _btxt _2rdacontent |
||
| 337 |
_asin mediación _bn _2rdamedia |
||
| 338 |
_avolumen _bnc _2rdacarrier |
||
| 490 | 0 | _aLetras latinoamericanas | |
| 500 | _aIncluye datos biográficos de los autores al inicio de cada cuento. | ||
| 521 | 1 | _aRecomendado para un público mayor de 12 años. | |
| 650 | 0 | 0 |
_aLiteratura colombiana _vColecciones _2LEMB |
| 650 | 0 | 0 |
_aCuentos colombianos. _vAntologías _2LEMB _959520 |
| 650 | 0 | 0 |
_aVida cotidiana en la lityeratura _2LEMB _959521 |
| 650 | 0 | 0 |
_aAutores colombianos _2LEMB _932 |
| 700 | 1 |
_aMejía, Clara _ecompiladora _959522 |
|
| 700 | 1 |
_aHernández, Carlos Nicolás _ecompilador _98103 |
|
| 700 | 1 |
_aNieto Torres, Eric _eilustrador _959523 |
|
| 942 |
_2loc _cBKLIT |
||
| 999 |
_c57123 _d57123 |
||